| 000 | 00847nam a2200277Ia 4500 | ||
|---|---|---|---|
| 001 | Para_5387 | ||
| 003 | CHAP | ||
| 008 | 220125s1931 xx 000 0 und d | ||
| 010 | _a203903 | ||
| 040 | _cCHAP | ||
| 090 | _aPA FOLLETO 2728 | ||
| 100 |
_aBartley, H. N. _910632 |
||
| 245 |
_aPreliminary report upon the infestation and general status of the european corn borer in western New York / _c by H. N. Bartley and L. B. Scott |
||
| 260 |
_aWashington : _b Department of Agriculture |
||
| 300 | _a22 p. | ||
| 440 |
_aEUA. Dep. of Agri. Circular; 197 _9169885 |
||
| 650 |
_aPyrausta nubilalis _993095 |
||
| 700 |
_aScott, L. B. _9103393 |
||
| 901 | _aPA FOLLETO 2728 | ||
| 902 | _aA | ||
| 905 | _a0000001931 WAS 0000000000 00 | ||
| 910 | _a1931 | ||
| 942 | _cPARA | ||
| 942 |
_cPARA _d1 |
||
| 999 |
_c203903 _d203903 |
||